| 000 | 00808nam a2200217Ii 4500 | ||
|---|---|---|---|
| 003 | JO-AjNU | ||
| 008 | 230605s9999||||xx |||||||||||||| ||und|| | ||
| 017 | _a2014/19511 | ||
| 020 | _a978-977-775-006-6 | ||
| 040 |
_aJO-AjNU _bara _erda _cJO-AjNU |
||
| 041 | _aara | ||
| 050 | 1 | 4 | _aDR486.F28 2014 |
| 100 | 3 |
_aفريد، محمد بك, _eauthor _960538 |
|
| 245 | 0 | 0 | _aتاريخ الدولة العلية العثمانية |
| 264 | 3 | 1 | _aالقاهرة: مؤسسة اقرأ للنشر والتوزيع والترجمة، 2014 |
| 300 | _a496ص | ||
| 336 |
_atext _btxt _2rdacontent |
||
| 337 |
_aunmediated _bn _2rdamedia |
||
| 338 |
_avolume _bnc _2rdacarrier |
||
| 650 | 4 |
_aالامبراطورية العثمانية-الامبراطورية العثمانية-تأسيس 1481م- التاريخ _960539 |
|
| 999 |
_aA27304 _c30872 _d30872 |
||